Statistics for slayer songs

Click here to take the quiz!

General Stats

  • This quiz has been taken 134 times
  • The average score is 38 of 114

Answer Stats

HintAnswer% Correct
Reign in BloodRaining Blood
96%
South of HeavenSouth of Heaven
89%
Seasons in the AbyssSeasons in the Abyss
88%
Reign in BloodAngel of Death
85%
Hell AwaitsHell Awaits
85%
Show No MercyBlack Magic
74%
RepentlessRepentless
74%
Seasons in the AbyssWar Ensemble
70%
World Painted BloodWorld Painted Blood
70%
Seasons in the AbyssDead Skin Mask
69%
Show No MercyShow No Mercy
66%
Reign in BloodPostmortem
64%
Reign in BloodJesus Saves
63%
Show No MercyThe Antichrist
61%
Divine InterventionDivine Intervention
59%
South of HeavenMandatory Suicide
59%
God Hates Us AllBloodline
55%
Show No MercyDie by the Sword
54%
Reign in BloodPiece by Piece
54%
Seasons in the AbyssSkeletons of Society
54%
God Hates Us AllDisciple
53%
South of HeavenSpill the Blood
50%
Reign in BloodAltar of Sacrifice
49%
Reign in BloodNecrophobic
49%
Show No MercyMetal Storm/Face the Slayer
46%
South of HeavenSilent Scream
46%
Show No MercyEvil Has No Boundaries
45%
Hell AwaitsAt Dawn They Sleep
44%
Christ IllusionJihad
44%
Reign in BloodCriminally Insane
43%
South of HeavenGhosts of War
43%
Hell AwaitsKill Again
43%
Hell AwaitsNecrophiliac
43%
Reign in BloodEpidemic
40%
South of HeavenBehind the Crooked Cross
39%
Seasons in the AbyssBlood Red
39%
Seasons in the AbyssSpirit in Black
39%
Divine Intervention213
38%
Seasons in the AbyssTemptation
36%
Divine InterventionKilling Fields
34%
Divine InterventionSex. Murder. Art.
34%
RepentlessYou Against You
34%
South of HeavenDissident Aggressor
33%
Divine InterventionDittohead
33%
Divine InterventionSS-3
33%
World Painted BloodPlaying With Dolls
31%
Seasons in the AbyssExpendable Youth
30%
RepentlessPiano Wire
30%
Diabolus in MusicaBitter Peace
29%
Show No MercyCrionics
29%
Divine InterventionMind Control
29%
Christ IllusionCult
28%
Show No MercyFight Till Death
28%
South of HeavenLive Undead
28%
God Hates Us AllPayback
26%
Show No MercyThe Final Command
26%
Seasons in the AbyssBorn of Fire
25%
Hell AwaitsHardening of the Arteries
25%
World Painted BloodHate Worldwide
25%
Reign in BloodReborn
25%
World Painted BloodUnit 731
25%
Christ IllusionFlesh Storm
24%
Seasons in the AbyssHallowed Point
24%
God Hates Us AllHere Comes The Pain
24%
South of HeavenRead Between the Lies
24%
Divine InterventionSerenity in Murder
24%
Show No MercyTormentor
24%
God Hates Us AllDarkness of Christ
23%
Hell AwaitsPraise of Death
23%
God Hates Us AllWar Zone
23%
RepentlessWhen the Stillness Comes
23%
South of HeavenCleanse the Soul
21%
Christ IllusionEyes of the Insane
21%
RepentlessPride in Prejudice
21%
World Painted BloodSnuff
21%
God Hates Us AllThreshold
21%
RepentlessDelusions of Saviour
20%
God Hates Us AllNew Faith
20%
Christ IllusionSkeleton Christ
20%
God Hates Us AllGod Send Death
19%
Diabolus in MusicaPoint
19%
World Painted BloodAmericon
18%
World Painted BloodBeauty Through Order
18%
Diabolus in MusicaIn the Name of God
18%
Diabolus in MusicaScrum
18%
God Hates Us AllSeven Faces
18%
Christ IllusionCatalyst
16%
Divine InterventionCircle of Beliefs
16%
Hell AwaitsCrypts of Eternity
16%
Diabolus in MusicaDeath's Head
16%
God Hates Us AllDeviance
16%
World Painted BloodPsychopathy Red
16%
Diabolus in MusicaStain of Mind
16%
RepentlessVices
16%
Christ IllusionBlack Serenade
15%
Christ IllusionCatatonic
15%
RepentlessChasing Death
15%
Diabolus in MusicaOvert Enemy
15%
Diabolus in MusicaScreaming from the Sky
15%
Christ IllusionSupremist
15%
God Hates Us AllCast Down
14%
World Painted BloodHuman Strain
14%
Diabolus in MusicaLove to Hate
14%
World Painted BloodNot of This God
14%
RepentlessAtrocity Vendor
13%
God Hates Us AllExile
13%
Divine InterventionFictional Reality
13%
RepentlessImplode
13%
World Painted BloodPublic Display of Dismemberment
13%
RepentlessTake Control
13%
RepentlessCast the First Stone
11%
Christ IllusionConsfearacy
10%
Diabolus in MusicaPerversions of Pain
10%
Diabolus in MusicaDesire
9%

Score Distribution

Percentile by Number Answered

Percent of People with Each Score

Your Score History

You have not taken this quiz